Problemario de probabilidad

Enregistré dans:
Détails bibliographiques
Auteurs principaux: Wisniewski, Piort Marian (Auteur), Velasco Sotomayor, Gabriel (Auteur)
Format: Livre
Langue:espagnol
Publié: Ciudad de México Thomson 2001
Sujets:
Tags: Ajouter un tag
Pas de tags, Soyez le premier à ajouter un tag!

MARC

LEADER 00000nam a2200000 a 4500
001 UCI3946
003 CL-VaPUC
005 20250224113002.0
008 071207e20010000MX |||||||||||||||||spa|d
999 |c 327976  |d 327974 
020 |a 9706861440 
040 |c Pontificia Universidad Católica de Valparaíso 
082 0 4 |a 519.2  |b WIS  |2 21 
100 0 |a Wisniewski, Piort Marian  |e author  |9 525540 
245 1 0 |a Problemario de probabilidad 
260 |a Ciudad de México  |b Thomson  |c 2001 
300 |a 553 p 
583 |a last modification  |c 20071207 00:00:00  |k Rodrigo Vera 
650 7 |a TEOREMA DEL BINOMIO  |2 CL-VaPUC  |9 392566 
650 0 |a Variables aleatorias   |9 270745 
700 0 |a Velasco Sotomayor, Gabriel  |e author  |9 525541 
942 |c BK  |2 ddc 
945 |d 20071207 00:00:00  |a jtorresc 
952 |0 0  |1 0  |4 0  |6 519_200000000000000_WIS_2001  |7 0  |8 A  |9 411568  |a BIBGIM  |b BIBGIM  |d 2019-11-22  |i 439447K  |o 519.2 WIS 2001  |p 439447K  |r 2025-01-15  |w 2019-11-22  |y BK  |k EST 
952 |0 0  |1 0  |4 0  |6 519_200000000000000_WIS_2001  |7 0  |8 A  |9 411569  |a BIBGIM  |b BIBGIM  |d 2019-11-22  |i 4394488  |o 519.2 WIS 2001  |p 4394488  |r 2025-01-15  |w 2019-11-22  |y BK  |k EST